00327nam a2200121Ia 4500008004100000041000800041082001400049100001800063245004500081260003900126300003300165365000700198240624s9999 xx 000 0 und d aeng a658.5 NAR aNARAYANAN V K aMANAGING TECHNOLOGY AND INNOVATION FOR C c2003aNew DelhibPearson Education axviii, : 510 : p. : cm. ; 25 cRS